ბათუმის შოთა რუსთაველის სახელმწიფო უნივერსიტეტის ბიბლიოთეკა

საქართველოს ისტორიის პალიტრა : 15 ტომეული. ტომი 1, (ბიბ.ჩანაწერი № 61790)

000 -ლიდერი
ფიქსირებული სიგრძის საკონტროლო ველი 02392nam a22002777a 4500
003 - საკონტროლო ნომრის იდენტიფიკატორი
საკონტროლო ველი Ge_BSU
005 - ბოლო ოპერაციის თარიღი და დრო
საკონტროლო ველი 20240513120354.0
008 - ფიქსირებული სიგრძის მონაცემთა ელემენტები - ზოგადი ინფორმაცია
ფიქსირებული სიგრძის საკონტროლო ველი 240513s2022 ge ||||| |||| 00| 0 geo d
020 ## - წიგნის საერთაშორისო სტანდარტული ნომერი
International Standard Book Number 9789941350436 (ტომი 1) 9789941350429 (ყველა ტომისთვის)
041 ## - ენის კოდი
Language code of text/sound track or separate title geo
080 ## - უნივერსალური ათობითი კლასიფიკაციის ინდექსი
Universal Decimal Classification number 903(479.22)ლ-85
100 ## - მთავარი ჩანაწერი - პიროვნების სახელი
Personal name ლორთქიფანიძე, ოთარ
9 (RLIN) 1433
245 ## - ცნობა სათაურის შესახებ
Title საქართველოს ისტორიის პალიტრა : 15 ტომეული. ტომი 1,
Remainder of title ძველი ქართული ცივილიზაციის სათავეებთან /
Statement of responsibility, etc ოთარ ლორთქიფანიძე ; პროექტის ხელმძღვანელი ჯაბა სამუშია ; რედაქტორები: დარეჯან კაჭარავა, გურამ კვირკველია ; სარედაქციო ჯგუფი: გელა გურგენიძე, ნესტან მაღალაშვილი, თამარ ჯანთიშვილი [და სხვა].
264 ## - წარმოების, გამოცემის, დისტრიბუციის და სხვა ცნობები
გამოცემის, წარმოების, დისტრიბუციის... ადგილი თბილისი :
გამოცემის, წარმოების, დისტრიბუციის... სახელწოდება პალიტრა L,
გამოცემის, წარმოების, დისტრიბუციის... თარიღი 2022.
300 ## - ფიზიკური აღწერა
Extent 552 გვ. ;
Other physical details 23 სმ.
500 ## - ზოგადი შენიშვნა
General note მომზადებულია თბილისის სახელმწ. უნივერსიტეტის გამომცემლობის 2002 წლის გამოცემის მიხედვით.
504 ## - BIBLIOGRAPHY, ETC. NOTE
Bibliography, etc ბიბლიოგრაფია: გვ. 507-552.
653 ## - INDEX TERM--UNCONTROLLED
Uncontrolled term საქართველოს არქეოლოგია.
700 ## - ADDED ENTRY--PERSONAL NAME
Personal name სამუშია, ჯაბა
Relator term პროექტის ხელმძღვანელი
9 (RLIN) 22062
700 ## - ADDED ENTRY--PERSONAL NAME
Personal name კაჭარავა, დარეჯან
Relator term რედაქტორი
9 (RLIN) 18309
700 ## - ADDED ENTRY--PERSONAL NAME
Personal name კვირკველია, გურამ
Relator term რედაქტორი
9 (RLIN) 22063
700 ## - ADDED ENTRY--PERSONAL NAME
Personal name გურგენიძე, გელა
Relator term სარედაქციო ჯგუფი
9 (RLIN) 22056
700 ## - ADDED ENTRY--PERSONAL NAME
Personal name მაღალაშვილი, ნესტან
Relator term სარედაქციო ჯგუფი
9 (RLIN) 22064
700 ## - ADDED ENTRY--PERSONAL NAME
Personal name ჯანთიშვილი, თამარ
Relator term სარედაქციო ჯგუფი
9 (RLIN) 22065
942 ## - ADDED ENTRY ELEMENTS (KOHA)
Source of classification or shelving scheme
Koha item type წიგნი
ეგზემპლარები
ჩამოწერის სტატუსი დაკარგული ეგზემპლარის სტატუსი კლასიფიკაციის წყარო ან თაროზე გაწყობის სქემა დაზიანების სტატუსი არ გაიცემა მუდმივი მდებარეობა (დაცვის ადგილი) ამჟამინდელი ადგილსამყოფელი თაროზე განთავსების ადგილი შეძენის თარიღი ღირებულება, შესყიდვის ნორმალური ფასი სრული შენახვის შიფრი შტრიხკოდი ბოლო ოპერაციის თარიღი ეგზემპლარის მიმდევრობითი ნომერი (კეტერი?) ფასის ძალაში შესვლის თარიღი ეგზემპლარის სახეობა საჯარო შენიშვნა
          ბათუმის შოთა რუსთაველის სახელმწიფო უნივერსიტეტის მთავარი ბიბლიოთეკა ბათუმის შოთა რუსთაველის სახელმწიფო უნივერსიტეტის მთავარი ბიბლიოთეკა წიგნსაცავი 2024-05-13 18.00 903(479.22)ლ-85 65879 2024-05-13 65879 2024-05-13 წიგნი 18ლ.50თ.
          ბათუმის შოთა რუსთაველის სახელმწიფო უნივერსიტეტის მთავარი ბიბლიოთეკა ბათუმის შოთა რუსთაველის სახელმწიფო უნივერსიტეტის მთავარი ბიბლიოთეკა წიგნსაცავი 2024-05-13 18.00 903(479.22)ლ-85 65880 2024-05-13 65880 2024-05-13 წიგნი 18ლ.50თ.
          ბათუმის შოთა რუსთაველის სახელმწიფო უნივერსიტეტის მთავარი ბიბლიოთეკა ბათუმის შოთა რუსთაველის სახელმწიფო უნივერსიტეტის მთავარი ბიბლიოთეკა წიგნსაცავი 2024-05-13 18.00 903(479.22)ლ-85 65881 2024-05-13 65881 2024-05-13 წიგნი 18ლ.50თ.